000 01680nam0a2200289 4500
001 RU\NLR\BIBL_A\011448079
005 20260628172131.0
035 _a(NLR Aleph) 011448079
090 _a13740144
_c13740144
100 _a20170802d1979 k y0rusy50 ca
101 0 _aaze
102 _aAZ
105 _aa z 000 y
200 1 _aXIX әср вә XX әсрин әввәлләриндә Азәрбаjҹанын әкинчилик аләтләри
_e(шимал-шәрг раjонларынын материаллары әсасында тарихи-етнографик тәдгигат)
_fГ. Ҹ. Ҹавадов
_gАзәрб. ССР елмләр акад. тарих ин-ту. Археолоҝиjа вә етнографиjа сектору
_g[ред.: Ә. С. Сумбатзадә вә Т. Ә. Бүнjадов]
210 _aБакы
_cЕлм
_d1979
215 _a127, [1] с.
_cшәк.
_d20
320 _aБиблиогр. в подстроч. примеч.
541 1 _6z01790
_aЗемледельческие орудия Азербайджана в XIX-начале XX в.
_zrus
606 1 _aЗемледельческие орудия у азербайджанцев
_xЭтнографические исследования
_9919258
_3RU\NLR\AUTH\6617701
686 1 _aТ52(247=А)-416
700 1 _aҸавадов
_bГ. Ҹ. оғлу
_f1938-2005
_gГәмәршаһ Ҹәллад оғлу
_4070
702 1 _aСумбатзадә
_bӘ. С.
_4340
790 1 _6z01541
_aДжавадов
_bГ. Д. оглы
_f1938-2005
_gГамаршах Джаллад оглы
_4070
852 _aNLR
_bОНЛ
_jАзерб./2-19114
942 _cBOOK
980 _aNB